000 01407cam a2200373 a 4500
001 3034982
005 20240401121901.0
008 950823s1996 enk b 000 1 eng
010 _a 95040507
020 _a0192831666 (pbk.)
040 _aDLC
_cDLC
_dDLC
043 _ae-uk-en
050 0 0 _aPR4656
_b.A1 1996
082 0 0 _a823.8
_bELI
100 1 _aEliot, George,
_d1819-1880.
_911431
245 1 0 _aAdam Bede /
_cGeorge Eliot ; edited with an introduction by Valentine Cunningham.
260 _aIslamabd ;
_bNational Book Foundation,
_c1995.
300 _axlviii, 598 p. ;
_c19 cm.
440 4 _aThe world's classics
_9350
504 _aIncludes bibliographical references (p. xlviii-xlviv).
650 0 _aTriangles (Interpersonal relations)
_vFiction.
_97637
650 0 _aIllegitimate children
_vFiction.
_998674
650 0 _aEngland
_xFiction.
_9107874
650 0 _aWomen clergy
_xFiction.
_9107876
650 0 _aInfanticide
_xFiction.
_9107875
650 0 _aCarpenters
_xFiction.
_9107873
655 7 _aDidactic fiction.
_2gsafd
_91062
655 7 _aLove stories.
_2gsafd
700 1 _aCunningham, Valentine.
_9355
856 4 2 _3Publisher description
_uhttp://www.loc.gov/catdir/enhancements/fy0636/95040507-d.html
906 _a7
_bcbc
_corignew
_d1
_eocip
_f19
_gy-gencatlg
942 _2ddc
_cBK
999 _c347112
_d347112